| 000 | 00000nam##2200000za#4500 |
| 001 | 9.700245 |
| 003 | CaOODSP |
| 005 | 20210625000740 |
| 007 | cr ||||||||||| |
| 008 | 150407|2014||||xxc|||||o f|0| 0 eng|d |
| 040 | |aCaOODSP|beng |
| 043 | |an-cn--- |
| 086 | 1 |aMR21-169/2014-3E-PDF |
| 110 | 2 |aCanadian Institutes of Health Research. |
| 245 | 10|aCIHR reviewers' guide for fellowship awards |h[electronic resource] |
| 260 | |aOttawa - Ontario : |bCanadian Institutes of Health Research |cOctober 2014. |
| 300 | |a12p.|btables |
| 590 | |a15-03|b2015-01-16 |
| 775 | 08|tGuide de l'évaluateur pour les bourses de recherche des IRSC |w(CaOODSP)9.644139 |
| 856 | 40|ahttp://publications.gc.ca|qPDF|s344 KB|uhttps://publications.gc.ca/collections/collection_2015/irsc-cihr/MR21-169-2014-3-eng.pdf |